| 000 | 00591nac a22001811u 4500 | ||
|---|---|---|---|
| 008 | 100906s2004 -us|||||r|||| 00| 0 eng d | ||
| 010 | _a2003021167 | ||
| 020 | _a0763725625 (Paperback) | ||
| 082 | 0 | 0 |
_a005.133 _bPET _222 |
| 100 |
_aSmith, Peter, _918194 |
||
| 245 | 1 | 0 |
_aApplied data structures with C++ / _cby Peter Smith. |
| 250 | _a1st ed. | ||
| 260 |
_aSudbury, MA : _bJones and Bartlett Publishers, _c2004. |
||
| 300 | _ap. cm. | ||
| 650 | 0 |
_aC++ (Computer program language) _918195 |
|
| 650 | 0 |
_aData structures (Computer science) _918196 |
|
| 942 |
_cBB _k005.133S6421 _2ddc |
||
| 999 |
_c477 _d477 |
||